Normal view
MARC view
Entry Personal Name
001 - CONTROL NUMBER
- control field: 511185
003 - CONTROL NUMBER IDENTIFIER
- control field: OSt
005 - DATE AND TIME OF LATEST TRANSACTION
- control field: 20220928145012.0
008 - FIXED-LENGTH DATA ELEMENTS
- fixed length control field: 220928|| aca||aabn | a|a d
040 ## - CATALOGING SOURCE
- Original cataloging agency: OSt
- Transcribing agency: OSt
100 ## - HEADING--PERSONAL NAME
- Personal name: Desmet Christy Ed
670 ## - SOURCE DATA FOUND
- Source citation: Work cat.: (OSt)831413: Desmet Christy Ed., Shakespeare and appropriation., 1999
